<?xml version="1.0" encoding="UTF-8"?>
<record
    xmlns:xsi="http://www.w3.org/2001/XMLSchema-instance"
    xsi:schemaLocation="http://www.loc.gov/MARC21/slim http://www.loc.gov/standards/marcxml/schema/MARC21slim.xsd"
    xmlns="http://www.loc.gov/MARC21/slim">

  <leader>01162nam a2200253 a 4500</leader>
  <controlfield tag="001">000017501</controlfield>
  <controlfield tag="005">20200120222004.0</controlfield>
  <controlfield tag="008">010406s199?    cola   gr0          000 d</controlfield>
  <datafield tag="020" ind1=" " ind2=" ">
    <subfield code="a">9580403376 (Colecci&#xF3;n)</subfield>
    <subfield code="a">9580403384 (L.1)</subfield>
    <subfield code="a">9580403392 (L.2)</subfield>
    <subfield code="a">9580403406 (L.3)</subfield>
    <subfield code="a">9580403414 (L.4)</subfield>
    <subfield code="a">9580403481 (L.5)</subfield>
    <subfield code="a">958040349X (L.6)</subfield>
    <subfield code="a">9580403503 (L.7)</subfield>
    <subfield code="a">9580403511 (L.8)</subfield>
    <subfield code="a">958040352X (L.9)</subfield>
    <subfield code="a">9580403872 (L.11)</subfield>
    <subfield code="a">9580403880 (L.12)</subfield>
    <subfield code="a">9580403899 (L.13)</subfield>
    <subfield code="a">9580403902 (L.14)</subfield>
    <subfield code="a">9580403910 (L.15)</subfield>
    <subfield code="a">9580403929 (L.16)</subfield>
    <subfield code="a">9580403937 (L.17)</subfield>
    <subfield code="a">9580403376 (L.19)</subfield>
    <subfield code="a">9580404798 (L.20)</subfield>
    <subfield code="a">9580404801 (L.21)</subfield>
    <subfield code="a">958040481X (L.22)</subfield>
    <subfield code="a">9580404828 (L.23)</subfield>
    <subfield code="a">9580404836 (L.24)</subfield>
    <subfield code="a">9580404844 (L.25)</subfield>
  </datafield>
  <datafield tag="090" ind1=" " ind2=" ">
    <subfield code="a">C</subfield>
    <subfield code="b">IGL</subfield>
  </datafield>
  <datafield tag="100" ind1="0" ind2=" ">
    <subfield code="a">Iglesia, Saro de la</subfield>
  </datafield>
  <datafield tag="245" ind1="1" ind2="3">
    <subfield code="a">El libro secreto de los gnomos /</subfield>
    <subfield code="c">Saro de la Iglesia.</subfield>
  </datafield>
  <datafield tag="260" ind1=" " ind2=" ">
    <subfield code="a">Cali :</subfield>
    <subfield code="b">Carvajal,</subfield>
    <subfield code="c">199?</subfield>
  </datafield>
  <datafield tag="300" ind1=" " ind2=" ">
    <subfield code="a">46p. : il.</subfield>
  </datafield>
  <datafield tag="490" ind1=" " ind2="0">
    <subfield code="a">Libro No.14</subfield>
  </datafield>
  <datafield tag="500" ind1=" " ind2=" ">
    <subfield code="a">Ej.1 de Mosquera con ISBN: 9580403864.</subfield>
  </datafield>
  <datafield tag="500" ind1=" " ind2=" ">
    <subfield code="a">Ej.2 de Mosquera con ISBN: 9580403503.</subfield>
  </datafield>
  <datafield tag="500" ind1=" " ind2=" ">
    <subfield code="a">Ejemplar 1 de Ceic ISBN 958-04-0338-4 Libro No.1</subfield>
  </datafield>
  <datafield tag="650" ind1="1" ind2="4">
    <subfield code="a">LITERATURA INFANTIL</subfield>
  </datafield>
  <datafield tag="650" ind1="1" ind2="4">
    <subfield code="a">CUENTO INFANTIL</subfield>
  </datafield>
  <datafield tag="650" ind1="1" ind2="4">
    <subfield code="a">AUTOMOVILES</subfield>
  </datafield>
  <datafield tag="650" ind1="1" ind2="4">
    <subfield code="a">LUZ</subfield>
  </datafield>
  <datafield tag="650" ind1="1" ind2="4">
    <subfield code="a">VAPOR</subfield>
  </datafield>
  <datafield tag="999" ind1=" " ind2=" ">
    <subfield code="c">1055</subfield>
    <subfield code="d">1055</subfield>
  </datafield>
  <datafield tag="952" ind1=" " ind2=" ">
    <subfield code="0">0</subfield>
    <subfield code="1">0</subfield>
    <subfield code="2">ddc</subfield>
    <subfield code="4">0</subfield>
    <subfield code="7">0</subfield>
    <subfield code="8">LI</subfield>
    <subfield code="a">BPMOS</subfield>
    <subfield code="b">BPMOS</subfield>
    <subfield code="d">2020-01-20</subfield>
    <subfield code="i">112468</subfield>
    <subfield code="l">2</subfield>
    <subfield code="o">C IGL</subfield>
    <subfield code="p">MOS006159</subfield>
    <subfield code="r">2023-05-26</subfield>
    <subfield code="s">2023-05-15</subfield>
    <subfield code="t">ej.1</subfield>
    <subfield code="w">2020-01-20</subfield>
    <subfield code="y">BKINF</subfield>
    <subfield code="z">Quince d&#xED;as</subfield>
  </datafield>
  <datafield tag="952" ind1=" " ind2=" ">
    <subfield code="0">0</subfield>
    <subfield code="1">0</subfield>
    <subfield code="2">ddc</subfield>
    <subfield code="4">0</subfield>
    <subfield code="7">0</subfield>
    <subfield code="8">LI</subfield>
    <subfield code="a">BPMOS</subfield>
    <subfield code="b">BPMOS</subfield>
    <subfield code="d">2020-01-20</subfield>
    <subfield code="i">111909</subfield>
    <subfield code="l">1</subfield>
    <subfield code="o">C IGL</subfield>
    <subfield code="p">MOS006373</subfield>
    <subfield code="r">2023-12-12</subfield>
    <subfield code="s">2023-11-20</subfield>
    <subfield code="t">v.19 ej.1</subfield>
    <subfield code="w">2020-01-20</subfield>
    <subfield code="y">BKLIT</subfield>
    <subfield code="z">Quince d&#xED;as</subfield>
  </datafield>
  <datafield tag="952" ind1=" " ind2=" ">
    <subfield code="0">0</subfield>
    <subfield code="1">0</subfield>
    <subfield code="2">ddc</subfield>
    <subfield code="4">0</subfield>
    <subfield code="7">0</subfield>
    <subfield code="8">LI</subfield>
    <subfield code="a">BPMOS</subfield>
    <subfield code="b">BPMOS</subfield>
    <subfield code="d">2020-01-20</subfield>
    <subfield code="i">110910</subfield>
    <subfield code="l">1</subfield>
    <subfield code="m">1</subfield>
    <subfield code="o">C IGL</subfield>
    <subfield code="p">MOS006374</subfield>
    <subfield code="r">2023-11-09</subfield>
    <subfield code="s">2023-10-12</subfield>
    <subfield code="t">v.20 ej.1</subfield>
    <subfield code="w">2020-01-20</subfield>
    <subfield code="y">BKLIT</subfield>
    <subfield code="z">Quince d&#xED;as</subfield>
  </datafield>
  <datafield tag="952" ind1=" " ind2=" ">
    <subfield code="0">0</subfield>
    <subfield code="1">0</subfield>
    <subfield code="2">ddc</subfield>
    <subfield code="4">0</subfield>
    <subfield code="7">0</subfield>
    <subfield code="8">LI</subfield>
    <subfield code="a">BPMOS</subfield>
    <subfield code="b">BPMOS</subfield>
    <subfield code="d">2020-01-20</subfield>
    <subfield code="i">112048</subfield>
    <subfield code="l">1</subfield>
    <subfield code="o">C IGL</subfield>
    <subfield code="p">MOS006375</subfield>
    <subfield code="r">2023-04-25</subfield>
    <subfield code="s">2023-04-18</subfield>
    <subfield code="t">v.22 ej.1</subfield>
    <subfield code="w">2020-01-20</subfield>
    <subfield code="y">BKLIT</subfield>
    <subfield code="z">Quince d&#xED;as</subfield>
  </datafield>
  <datafield tag="952" ind1=" " ind2=" ">
    <subfield code="0">0</subfield>
    <subfield code="1">0</subfield>
    <subfield code="2">ddc</subfield>
    <subfield code="4">0</subfield>
    <subfield code="7">0</subfield>
    <subfield code="8">LI</subfield>
    <subfield code="a">BPMOS</subfield>
    <subfield code="b">BPMOS</subfield>
    <subfield code="d">2020-01-20</subfield>
    <subfield code="i">111908</subfield>
    <subfield code="l">5</subfield>
    <subfield code="o">C IGL</subfield>
    <subfield code="p">MOS006376</subfield>
    <subfield code="r">2025-03-20</subfield>
    <subfield code="s">2025-03-10</subfield>
    <subfield code="t">v.3  ej.1</subfield>
    <subfield code="w">2020-01-20</subfield>
    <subfield code="y">BKLIT</subfield>
    <subfield code="z">Quince d&#xED;as</subfield>
  </datafield>
  <datafield tag="952" ind1=" " ind2=" ">
    <subfield code="0">0</subfield>
    <subfield code="1">0</subfield>
    <subfield code="2">ddc</subfield>
    <subfield code="4">0</subfield>
    <subfield code="7">0</subfield>
    <subfield code="8">LI</subfield>
    <subfield code="a">BPMOS</subfield>
    <subfield code="b">BPMOS</subfield>
    <subfield code="d">2020-01-20</subfield>
    <subfield code="i">112464</subfield>
    <subfield code="l">0</subfield>
    <subfield code="o">C IGL </subfield>
    <subfield code="p">MOS006377</subfield>
    <subfield code="r">2020-01-20</subfield>
    <subfield code="t">v.6  ej.1</subfield>
    <subfield code="w">2020-01-20</subfield>
    <subfield code="y">BKLIT</subfield>
    <subfield code="z">Quince d&#xED;as</subfield>
  </datafield>
  <datafield tag="952" ind1=" " ind2=" ">
    <subfield code="0">0</subfield>
    <subfield code="1">0</subfield>
    <subfield code="2">ddc</subfield>
    <subfield code="4">0</subfield>
    <subfield code="7">0</subfield>
    <subfield code="8">LI</subfield>
    <subfield code="a">BPMOS</subfield>
    <subfield code="b">BPMOS</subfield>
    <subfield code="d">2020-01-20</subfield>
    <subfield code="i">111910</subfield>
    <subfield code="l">1</subfield>
    <subfield code="o">C IGL</subfield>
    <subfield code="p">MOS006378</subfield>
    <subfield code="r">2023-01-30</subfield>
    <subfield code="s">2022-12-19</subfield>
    <subfield code="t">v.21 ej.1</subfield>
    <subfield code="w">2020-01-20</subfield>
    <subfield code="y">BKLIT</subfield>
    <subfield code="z">Quince d&#xED;as</subfield>
  </datafield>
  <datafield tag="952" ind1=" " ind2=" ">
    <subfield code="0">0</subfield>
    <subfield code="1">0</subfield>
    <subfield code="2">ddc</subfield>
    <subfield code="4">0</subfield>
    <subfield code="7">0</subfield>
    <subfield code="8">LI</subfield>
    <subfield code="a">BPMOS</subfield>
    <subfield code="b">BPMOS</subfield>
    <subfield code="d">2020-01-20</subfield>
    <subfield code="i">112466</subfield>
    <subfield code="l">0</subfield>
    <subfield code="o">C IGL</subfield>
    <subfield code="p">MOS006379</subfield>
    <subfield code="r">2020-01-20</subfield>
    <subfield code="t">v.8 ej.1</subfield>
    <subfield code="w">2020-01-20</subfield>
    <subfield code="y">BKLIT</subfield>
    <subfield code="z">Quince d&#xED;as</subfield>
  </datafield>
  <datafield tag="952" ind1=" " ind2=" ">
    <subfield code="0">0</subfield>
    <subfield code="1">0</subfield>
    <subfield code="2">ddc</subfield>
    <subfield code="4">0</subfield>
    <subfield code="7">0</subfield>
    <subfield code="8">LI</subfield>
    <subfield code="a">BPMOS</subfield>
    <subfield code="b">BPMOS</subfield>
    <subfield code="d">2020-01-20</subfield>
    <subfield code="i">112467</subfield>
    <subfield code="l">1</subfield>
    <subfield code="o"> CIGL</subfield>
    <subfield code="p">MOS006380</subfield>
    <subfield code="r">2023-11-22</subfield>
    <subfield code="s">2023-11-09</subfield>
    <subfield code="t">v.9 ej.1</subfield>
    <subfield code="w">2020-01-20</subfield>
    <subfield code="y">BKLIT</subfield>
    <subfield code="z">Quince d&#xED;as</subfield>
  </datafield>
  <datafield tag="952" ind1=" " ind2=" ">
    <subfield code="0">0</subfield>
    <subfield code="1">0</subfield>
    <subfield code="2">ddc</subfield>
    <subfield code="4">0</subfield>
    <subfield code="7">0</subfield>
    <subfield code="8">LI</subfield>
    <subfield code="a">BPMOS</subfield>
    <subfield code="b">BPMOS</subfield>
    <subfield code="d">2020-01-20</subfield>
    <subfield code="i">111901</subfield>
    <subfield code="l">0</subfield>
    <subfield code="o">C IGL</subfield>
    <subfield code="p">MOS006381</subfield>
    <subfield code="r">2020-01-20</subfield>
    <subfield code="t">v.11 ej.1</subfield>
    <subfield code="w">2020-01-20</subfield>
    <subfield code="y">BKLIT</subfield>
    <subfield code="z">Quince d&#xED;as</subfield>
  </datafield>
  <datafield tag="952" ind1=" " ind2=" ">
    <subfield code="0">0</subfield>
    <subfield code="1">0</subfield>
    <subfield code="2">ddc</subfield>
    <subfield code="4">0</subfield>
    <subfield code="7">0</subfield>
    <subfield code="8">LI</subfield>
    <subfield code="a">BPMOS</subfield>
    <subfield code="b">BPMOS</subfield>
    <subfield code="d">2020-01-20</subfield>
    <subfield code="i">111903</subfield>
    <subfield code="l">0</subfield>
    <subfield code="o">C IGL</subfield>
    <subfield code="p">MOS006382</subfield>
    <subfield code="r">2020-01-20</subfield>
    <subfield code="t">v.14 ej.1</subfield>
    <subfield code="w">2020-01-20</subfield>
    <subfield code="y">BKLIT</subfield>
    <subfield code="z">Quince d&#xED;as</subfield>
  </datafield>
  <datafield tag="952" ind1=" " ind2=" ">
    <subfield code="0">0</subfield>
    <subfield code="1">0</subfield>
    <subfield code="2">ddc</subfield>
    <subfield code="4">0</subfield>
    <subfield code="7">0</subfield>
    <subfield code="8">LI</subfield>
    <subfield code="a">BPMOS</subfield>
    <subfield code="b">BPMOS</subfield>
    <subfield code="d">2020-01-20</subfield>
    <subfield code="i">111902</subfield>
    <subfield code="l">0</subfield>
    <subfield code="o">C IGL</subfield>
    <subfield code="p">MOS006383</subfield>
    <subfield code="r">2020-01-20</subfield>
    <subfield code="t">v.13 ej.1</subfield>
    <subfield code="w">2020-01-20</subfield>
    <subfield code="y">BKLIT</subfield>
    <subfield code="z">Quince d&#xED;as</subfield>
  </datafield>
  <datafield tag="952" ind1=" " ind2=" ">
    <subfield code="0">0</subfield>
    <subfield code="1">0</subfield>
    <subfield code="2">ddc</subfield>
    <subfield code="4">0</subfield>
    <subfield code="7">0</subfield>
    <subfield code="8">LI</subfield>
    <subfield code="a">BPMOS</subfield>
    <subfield code="b">BPMOS</subfield>
    <subfield code="d">2020-01-20</subfield>
    <subfield code="i">111907</subfield>
    <subfield code="l">0</subfield>
    <subfield code="o">C IGL</subfield>
    <subfield code="p">MOS006384</subfield>
    <subfield code="r">2020-01-20</subfield>
    <subfield code="t">v.17 ej.1</subfield>
    <subfield code="w">2020-01-20</subfield>
    <subfield code="y">BKLIT</subfield>
    <subfield code="z">Quince d&#xED;as</subfield>
  </datafield>
  <datafield tag="952" ind1=" " ind2=" ">
    <subfield code="0">0</subfield>
    <subfield code="1">0</subfield>
    <subfield code="2">ddc</subfield>
    <subfield code="4">0</subfield>
    <subfield code="7">0</subfield>
    <subfield code="8">LI</subfield>
    <subfield code="a">BPMOS</subfield>
    <subfield code="b">BPMOS</subfield>
    <subfield code="d">2020-01-20</subfield>
    <subfield code="i">111905</subfield>
    <subfield code="l">0</subfield>
    <subfield code="o">C IGL</subfield>
    <subfield code="p">MOS006385</subfield>
    <subfield code="r">2020-01-20</subfield>
    <subfield code="t">v.15 ej.1</subfield>
    <subfield code="w">2020-01-20</subfield>
    <subfield code="y">BKLIT</subfield>
    <subfield code="z">Quince d&#xED;as</subfield>
  </datafield>
  <datafield tag="952" ind1=" " ind2=" ">
    <subfield code="0">0</subfield>
    <subfield code="1">0</subfield>
    <subfield code="2">ddc</subfield>
    <subfield code="4">0</subfield>
    <subfield code="7">0</subfield>
    <subfield code="8">LI</subfield>
    <subfield code="a">BPMOS</subfield>
    <subfield code="b">BPMOS</subfield>
    <subfield code="d">2020-01-20</subfield>
    <subfield code="i">111906</subfield>
    <subfield code="l">0</subfield>
    <subfield code="o">C IGL</subfield>
    <subfield code="p">MOS006386</subfield>
    <subfield code="r">2020-01-20</subfield>
    <subfield code="t">v.16 ej.1</subfield>
    <subfield code="w">2020-01-20</subfield>
    <subfield code="y">BKLIT</subfield>
    <subfield code="z">Quince d&#xED;as</subfield>
  </datafield>
  <datafield tag="952" ind1=" " ind2=" ">
    <subfield code="0">0</subfield>
    <subfield code="1">0</subfield>
    <subfield code="2">ddc</subfield>
    <subfield code="4">0</subfield>
    <subfield code="7">0</subfield>
    <subfield code="8">LI</subfield>
    <subfield code="a">BPMOS</subfield>
    <subfield code="b">BPMOS</subfield>
    <subfield code="d">2020-01-20</subfield>
    <subfield code="i">112461</subfield>
    <subfield code="l">8</subfield>
    <subfield code="m">1</subfield>
    <subfield code="o">C IGL</subfield>
    <subfield code="p">MOS006387</subfield>
    <subfield code="r">2025-03-20</subfield>
    <subfield code="s">2025-02-20</subfield>
    <subfield code="t">v.2  ej.1</subfield>
    <subfield code="w">2020-01-20</subfield>
    <subfield code="y">BKLIT</subfield>
    <subfield code="z">Quince d&#xED;as</subfield>
  </datafield>
  <datafield tag="952" ind1=" " ind2=" ">
    <subfield code="0">0</subfield>
    <subfield code="1">0</subfield>
    <subfield code="2">ddc</subfield>
    <subfield code="4">0</subfield>
    <subfield code="7">0</subfield>
    <subfield code="8">LI</subfield>
    <subfield code="a">BPMOS</subfield>
    <subfield code="b">BPMOS</subfield>
    <subfield code="d">2020-01-20</subfield>
    <subfield code="i">112462</subfield>
    <subfield code="l">2</subfield>
    <subfield code="o">C IGL</subfield>
    <subfield code="p">MOS006388</subfield>
    <subfield code="r">2022-08-02</subfield>
    <subfield code="s">2022-07-11</subfield>
    <subfield code="t">v.4  ej.1</subfield>
    <subfield code="w">2020-01-20</subfield>
    <subfield code="y">BKLIT</subfield>
    <subfield code="z">Quince d&#xED;as</subfield>
  </datafield>
  <datafield tag="952" ind1=" " ind2=" ">
    <subfield code="0">0</subfield>
    <subfield code="1">0</subfield>
    <subfield code="2">ddc</subfield>
    <subfield code="4">0</subfield>
    <subfield code="7">0</subfield>
    <subfield code="8">LI</subfield>
    <subfield code="a">BPMOS</subfield>
    <subfield code="b">BPMOS</subfield>
    <subfield code="d">2020-01-20</subfield>
    <subfield code="i">110676</subfield>
    <subfield code="l">1</subfield>
    <subfield code="o">C IGL</subfield>
    <subfield code="p">MOS006389</subfield>
    <subfield code="r">2023-08-28</subfield>
    <subfield code="s">2023-04-12</subfield>
    <subfield code="t">v.24 ej.1</subfield>
    <subfield code="w">2020-01-20</subfield>
    <subfield code="y">BKLIT</subfield>
    <subfield code="z">Quince d&#xED;as</subfield>
  </datafield>
  <datafield tag="952" ind1=" " ind2=" ">
    <subfield code="0">0</subfield>
    <subfield code="1">0</subfield>
    <subfield code="2">ddc</subfield>
    <subfield code="4">0</subfield>
    <subfield code="7">0</subfield>
    <subfield code="8">LI</subfield>
    <subfield code="a">BPMOS</subfield>
    <subfield code="b">BPMOS</subfield>
    <subfield code="d">2020-01-20</subfield>
    <subfield code="i">111904</subfield>
    <subfield code="l">0</subfield>
    <subfield code="o">C IGL</subfield>
    <subfield code="p">MOS006390</subfield>
    <subfield code="r">2020-01-20</subfield>
    <subfield code="t">v.12 ej.1</subfield>
    <subfield code="w">2020-01-20</subfield>
    <subfield code="y">BKLIT</subfield>
    <subfield code="z">Quince d&#xED;as</subfield>
  </datafield>
  <datafield tag="952" ind1=" " ind2=" ">
    <subfield code="0">0</subfield>
    <subfield code="1">0</subfield>
    <subfield code="2">ddc</subfield>
    <subfield code="4">0</subfield>
    <subfield code="7">0</subfield>
    <subfield code="8">LI</subfield>
    <subfield code="a">BPMOS</subfield>
    <subfield code="b">BPMOS</subfield>
    <subfield code="d">2020-01-20</subfield>
    <subfield code="i">111102</subfield>
    <subfield code="l">4</subfield>
    <subfield code="o">C IGL</subfield>
    <subfield code="p">MOS006392</subfield>
    <subfield code="r">2023-09-12</subfield>
    <subfield code="s">2023-09-02</subfield>
    <subfield code="t">v.25 ej.1</subfield>
    <subfield code="w">2020-01-20</subfield>
    <subfield code="y">BKLIT</subfield>
    <subfield code="z">Quince d&#xED;as</subfield>
  </datafield>
  <datafield tag="952" ind1=" " ind2=" ">
    <subfield code="0">0</subfield>
    <subfield code="1">0</subfield>
    <subfield code="2">ddc</subfield>
    <subfield code="4">0</subfield>
    <subfield code="7">0</subfield>
    <subfield code="8">LI</subfield>
    <subfield code="a">BPMOS</subfield>
    <subfield code="b">BPMOS</subfield>
    <subfield code="d">2020-01-20</subfield>
    <subfield code="i">112047</subfield>
    <subfield code="l">2</subfield>
    <subfield code="o">C IGL</subfield>
    <subfield code="p">MOS006393</subfield>
    <subfield code="r">2023-05-20</subfield>
    <subfield code="s">2023-04-12</subfield>
    <subfield code="t">v.23 ej.1</subfield>
    <subfield code="w">2020-01-20</subfield>
    <subfield code="y">BKLIT</subfield>
    <subfield code="z">Quince d&#xED;as</subfield>
  </datafield>
  <datafield tag="952" ind1=" " ind2=" ">
    <subfield code="0">0</subfield>
    <subfield code="1">0</subfield>
    <subfield code="2">ddc</subfield>
    <subfield code="4">0</subfield>
    <subfield code="7">0</subfield>
    <subfield code="8">LI</subfield>
    <subfield code="a">BPMOS</subfield>
    <subfield code="b">BPMOS</subfield>
    <subfield code="d">2020-01-20</subfield>
    <subfield code="i">112463</subfield>
    <subfield code="l">3</subfield>
    <subfield code="o">C IGL</subfield>
    <subfield code="p">MOS006395</subfield>
    <subfield code="r">2025-03-20</subfield>
    <subfield code="s">2025-03-10</subfield>
    <subfield code="t">v.5  ej.1</subfield>
    <subfield code="w">2020-01-20</subfield>
    <subfield code="y">BKLIT</subfield>
    <subfield code="z">Quince d&#xED;as</subfield>
  </datafield>
  <datafield tag="952" ind1=" " ind2=" ">
    <subfield code="0">0</subfield>
    <subfield code="1">0</subfield>
    <subfield code="2">ddc</subfield>
    <subfield code="4">0</subfield>
    <subfield code="7">0</subfield>
    <subfield code="8">LI</subfield>
    <subfield code="a">BPMOS</subfield>
    <subfield code="b">BPMOS</subfield>
    <subfield code="d">2020-01-20</subfield>
    <subfield code="i">112465</subfield>
    <subfield code="l">0</subfield>
    <subfield code="o">C IGL</subfield>
    <subfield code="p">MOS014538</subfield>
    <subfield code="r">2020-01-20</subfield>
    <subfield code="t">v.7 ej.1</subfield>
    <subfield code="w">2020-01-20</subfield>
    <subfield code="y">BKLIT</subfield>
    <subfield code="z">Quince d&#xED;as</subfield>
  </datafield>
</record>
